000 00907nam a2200193 a 4500
008 110908s1980 ||||||||||||||||| || u
020 _a0721619282
050 _aRC 681 Hea
100 _aBraunwald, Eugene
245 1 0 _aHeart disease: a textbook of cardiovascular medicine. (vol 1 & 2)
_cedited by Braunwald, Eugene
260 _aPhiladelphia:
_bW. B. Saunders Company
_c1980
300 _a2vols.: ill.
350 _a0.00
650 _aHEART DISEASES--COMPLICATIONS
650 _aHEART--DISEASES
650 _aHEART
995 _aMEDICAL LIBRARY OPEN ACCESS
_D0.00
_e900021
_FCBU-SCHOOL OF MEDICINE LIBRARY (Ndola)
_H1
_I0.00
_jRC 681 HEA
_M1
_UAVAILABLE
_WOct 19, 2011
_y900021
_ZMedical Library Open Access Collection
995 _aMEDICAL LIBRARY OPEN ACCESS
_D0.00
_e900022
_FCBU-SCHOOL OF MEDICINE LIBRARY (Ndola)
_H1
_I0.00
_jRC 681 HEA
_M2
_UAVAILABLE
_WOct 19, 2011
_y900022
_ZMedical Library Open Access Collection
999 _c64149
_d64149